Estatísticas para Top 20 jogadores mais partidas Clube Atlético Mineiro na Libertadores

Clique aqui para jogar o quiz

Estatísticas Gerais

  • Esse quiz foi jogado 52 vezes
    (13 desde o último reset)
  • A pontuação média é 18 de 21

Estatísticas das Respostas

HintResposta% Correto
23 (13/14/21)Diego Tardelli
100%
32 (21/22/23)Hulk
100%
25 (13/14/15)
100%
41 (13/14/15/16/17/19)Leonardo Silva / Léo Silva
100%
37 (13/15/16/17/19)Luan
100%
37 (13/14/19/21/22/23)Réver
100%
50 (13/14/15/16/17/19)Victor
100%
23 (21/22/23)Allan
88%
23 (16/17/19)Cazares
88%
24 (21/22/23)Guilherme Arana
88%
39 (13/14/15/16/17)Marcos Rocha
88%
35 (21/22/23)Éverson
75%
22 (21/22)Junior Alonso
75%
33 (13/14/15/16)Leandro Donizete
75%
27 (21/22/23)Matias Zaracho
75%
21 (21/22/23)Nathan Silva
75%
22 (13/14)Pierre
75%
21 (13/14)Ronaldinho / Ronaldinho Gaúcho
75%
24 (21/22/23)Mariano
63%
24 (15/16/17)Rafael Carioca
63%
26 (21/22/23)Eduardo Vargas
50%

Distribuição das Pontuações

Percentil de Números Respondidos

Porcentagem de Pessoas com Cada Pontuação

Sua Pontuação Histórica

Você não jogou esse quiz desde o último reset